[Event "Festival gourmands"]
[Site "Asbestos CAN"]
[Date "1995.08.27"]
[Round "5"]
[White "Linskiy, Oleg"]
[Black "Hebert, Jean"]
[Result "1/2-1/2"]
[WhiteElo "2329"]
[BlackElo "2480"]
[PlyCount "59"]
[GameId "2160767912063786"]
[EventDate "1995.08.25"]
[EventType "swiss"]
[EventRounds "5"]
[EventCountry "CAN"]

1. e4 e6 2. Qe2 e5 3. f4 d6 4. d3 Nc6 5. Nf3 g6 6. g3 Bg7 7. Bg2 Nge7 8. O-O O-O 9. Nc3 Bg4 10. Qf2 Qd7 11. Nh4 exf4 12. gxf4 f5 13. h3 Bh5 14. exf5 Nxf5 15. Nxf5 Qxf5 16. Be3 Rae8 17. Nd5 Qd7 18. Rae1 b6 19. c3 Kh8 20. Kh1 Rf7 21. a3 Ref8 22. Qh4 Ne7 23. Nxe7 Qxe7 24. Qxe7 Rxe7 25. Bc6 Bf6 26. Kg2 Kg7 27. Kg3 h6 28. a4 a5 29. Rg1 Kh7 30. Rgf1 1/2-1/2

[Event "Quebec op"]
[Site "Montreal CAN"]
[Date "1995.07.23"]
[Round "1"]
[White "Hebert, Jean"]
[Black "Hrivnak, Vladimir"]
[Result "1-0"]
[WhiteElo "2435"]
[BlackElo "2248"]
[PlyCount "41"]
[GameId "2160767912064053"]
[EventDate "1995.07.26"]
[EventType "swiss"]
[EventRounds "9"]
[EventCountry "CAN"]
[SourceTitle "EXT 99"]
[Source "ChessBase"]
[SourceDate "1998.11.10"]
[SourceVersion "1"]
[SourceVersionDate "1998.11.10"]
[SourceQuality "1"]

1. d4 d5 2. c4 e6 3. Nc3 Nf6 4. cxd5 exd5 5. Bg5 c6 6. Qc2 Be7 7. e3 h6 8. Bxf6 Bxf6 9. Nf3 O-O 10. Bd3 a5 11. O-O Re8 12. h3 Na6 13. a3 b5 14. Rfd1 Bd7 15. Rac1 Qe7 16. Re1 b4 17. Na4 bxa3 18. bxa3 Reb8 19. Rb1 Be8 20. Rxb8 Nxb8 21. Nb6 1-0

[Event "Quebec op"]
[Site "Montreal CAN"]
[Date "1995.??.??"]
[Round "3"]
[White "Hebert, Jean"]
[Black "Beckwith, Paul"]
[Result "1-0"]
[WhiteElo "2435"]
[BlackElo "1912"]
[PlyCount "91"]
[GameId "2160767912064068"]
[EventDate "1995.07.26"]
[EventType "swiss"]
[EventRounds "9"]
[EventCountry "CAN"]
[SourceTitle "EXT 99"]
[Source "ChessBase"]
[SourceDate "1998.11.10"]
[SourceVersion "1"]
[SourceVersionDate "1998.11.10"]
[SourceQuality "1"]

1. d4 c5 2. d5 e5 3. e4 d6 4. Nc3 g6 5. f4 f6 6. Bb5+ Nd7 7. Nf3 a6 8. Bxd7+ Bxd7 9. O-O Nh6 10. a4 Nf7 11. a5 Bh6 12. fxe5 Bxc1 13. Qxc1 fxe5 14. Qe3 O-O 15. h3 Rb8 16. b3 Rc8 17. Nd2 Kg7 18. Nc4 Qe7 19. Nb6 Rcd8 20. Rab1 h6 21. b4 cxb4 22. Rxb4 Ng5 23. Rbb1 Nh7 24. Ne2 Rf6 25. c4 Rdf8 26. Rxf6 Nxf6 27. Rc1 Nh5 28. c5 Bb5 29. c6 Bxe2 30. Qxe2 Nf4 31. Qd2 Qg5 32. Kh2 h5 33. c7 h4 34. c8=Q Qg3+ 35. Kh1 Nd3 36. Qxf8+ Kxf8 37. Qh6+ Kf7 38. Qh7+ Kf6 39. Nd7+ Kg5 40. Qe7+ Kf4 41. Rf1+ Kxe4 42. Qxd6 Kd4 43. Qb6+ Kxd5 44. Qxb7+ Kd4 45. Qb6+ Kc3 46. Nf6 1-0

[Event "Quebec op"]
[Site "Montreal CAN"]
[Date "1995.07.25"]
[Round "4"]
[White "St Amand, Paul Jr"]
[Black "Hebert, Jean"]
[Result "0-1"]
[WhiteElo "2109"]
[BlackElo "2496"]
[PlyCount "52"]
[GameId "2160767912064088"]
[EventDate "1995.07.26"]
[EventType "swiss"]
[EventRounds "9"]
[EventCountry "CAN"]
[SourceTitle "EXT 99"]
[Source "ChessBase"]
[SourceDate "1998.11.10"]
[SourceVersion "1"]
[SourceVersionDate "1998.11.10"]
[SourceQuality "1"]

1. e4 e6 2. d4 d5 3. Nd2 Nf6 4. e5 Nfd7 5. f4 c5 6. c3 cxd4 7. cxd4 Nc6 8. Ndf3 h5 9. Bd3 Nb6 10. Ne2 a5 11. O-O Be7 12. g3 Bd7 13. h3 g6 14. g4 hxg4 15. hxg4 Nb4 16. Bb1 Bb5 17. a3 Nc6 18. Rf2 Kd7 19. Nc3 Ba6 20. b3 Rc8 21. Bb2 Rh3 22. Ne2 Qh8 23. Kg2 Bxe2 24. Rxe2 Rxf3 25. Kxf3 Qh3+ 26. Kf2 Bh4+ 0-1

[Event "Quebec op"]
[Site "Montreal CAN"]
[Date "1995.??.??"]
[Round "5"]
[White "Rozentalis, Eduardas"]
[Black "Hebert, Jean"]
[Result "1/2-1/2"]
[WhiteElo "2610"]
[BlackElo "2435"]
[PlyCount "76"]
[GameId "2160767912064094"]
[EventDate "1995.07.26"]
[EventType "swiss"]
[EventRounds "9"]
[EventCountry "CAN"]
[SourceTitle "EXT 99"]
[Source "ChessBase"]
[SourceDate "1998.11.10"]
[SourceVersion "1"]
[SourceVersionDate "1998.11.10"]
[SourceQuality "1"]

1. e4 e6 2. d4 d5 3. Nd2 Nf6 4. e5 Nfd7 5. Bd3 c5 6. c3 Nc6 7. Ne2 cxd4 8. cxd4 f6 9. exf6 Nxf6 10. Nf3 Bd6 11. O-O O-O 12. Bg5 Qb6 13. Qb1 h6 14. Be3 Qc7 15. h3 Bd7 16. a3 Rac8 17. Qd1 Be8 18. Nh4 g5 19. Ng6 Bxg6 20. Bxg6 Qg7 21. Bd3 Nh5 22. g3 Kh8 23. Nc3 Nf4 24. Kh1 Nxd3 25. Qxd3 Rf3 26. Nb1 Rcf8 27. Nd2 R3f5 28. Rad1 Qf7 29. b4 Ne7 30. Qe2 Rf6 31. Kg2 Nf5 32. Nf3 Nxe3+ 33. fxe3 Qg6 34. Qd3 Qxd3 35. Rxd3 Rc8 36. g4 Kg7 37. Rf2 a6 38. Re2 b5 1/2-1/2

[Event "Quebec op"]
[Site "Montreal CAN"]
[Date "1995.??.??"]
[Round "6"]
[White "Hebert, Jean"]
[Black "Sagalchik, Gennadij"]
[Result "1/2-1/2"]
[WhiteElo "2435"]
[BlackElo "2515"]
[PlyCount "39"]
[GameId "2160767912064102"]
[EventDate "1995.07.26"]
[EventType "swiss"]
[EventRounds "9"]
[EventCountry "CAN"]
[SourceTitle "EXT 99"]
[Source "ChessBase"]
[SourceDate "1998.11.10"]
[SourceVersion "1"]
[SourceVersionDate "1998.11.10"]
[SourceQuality "1"]

1. c4 Nf6 2. Nf3 e6 3. d4 a6 4. a3 c5 5. dxc5 Bxc5 6. Nc3 O-O 7. b4 Be7 8. e3 b6 9. Bb2 Bb7 10. Rc1 d5 11. cxd5 Nxd5 12. Nxd5 Qxd5 13. Qxd5 Bxd5 14. Bd3 Bxf3 15. gxf3 a5 16. Be4 Ra7 17. b5 Nd7 18. Ke2 Nc5 19. Rhd1 Rc7 20. Bd4 1/2-1/2

[Event "Quebec op"]
[Site "Montreal CAN"]
[Date "1995.07.28"]
[Round "7"]
[White "Milicevic, Goran"]
[Black "Hebert, Jean"]
[Result "1-0"]
[WhiteElo "2325"]
[BlackElo "2496"]
[PlyCount "103"]
[GameId "2160767912064116"]
[EventDate "1995.07.26"]
[EventType "swiss"]
[EventRounds "9"]
[EventCountry "CAN"]
[SourceTitle "EXT 99"]
[Source "ChessBase"]
[SourceDate "1998.11.10"]
[SourceVersion "1"]
[SourceVersionDate "1998.11.10"]
[SourceQuality "1"]

1. e4 e6 2. d4 d5 3. Nc3 Bb4 4. e5 c5 5. a3 Bxc3+ 6. bxc3 Ne7 7. Qg4 Kf8 8. Nf3 Qa5 9. Bd2 Qa4 10. Ng5 h6 11. Qh5 g6 12. Qh3 Nbc6 13. Nf3 Qxc2 14. Be2 Qf5 15. Bxh6+ Ke8 16. Qxf5 Nxf5 17. Bg5 cxd4 18. g4 Nfe7 19. cxd4 Bd7 20. h4 Rc8 21. Rc1 Na5 22. Rxc8+ Bxc8 23. Bf6 Rh6 24. Bd3 Bd7 25. h5 Kf8 26. Bg5 Rh7 27. h6 Nac6 28. Bf6 Ng8 29. Bg7+ Rxg7 30. hxg7+ Kxg7 31. Kd2 f6 32. Ke3 fxe5 33. Nxe5 Nxe5 34. dxe5 Ne7 35. Kf4 Nc6 36. Rb1 Nd8 37. Bb5 Bxb5 38. Rxb5 b6 39. Rb1 Nb7 40. Kg5 Nc5 41. f3 Nd3 42. f4 Nc5 43. f5 gxf5 44. gxf5 Kf7 45. Rh1 Ne4+ 46. Kf4 exf5 47. Rh7+ Kg6 48. Rd7 Nc5 49. Rd6+ Kf7 50. Kxf5 Ke7 51. Rxd5 Nb7 52. Rd1 1-0

[Event "Quebec op"]
[Site "Montreal CAN"]
[Date "1995.07.29"]
[Round "8"]
[White "Hebert, Jean"]
[Black "Ristovic, Nenad"]
[Result "1-0"]
[WhiteElo "2435"]
[BlackElo "2064"]
[PlyCount "61"]
[GameId "2160767912064126"]
[EventDate "1995.07.26"]
[EventType "swiss"]
[EventRounds "9"]
[EventCountry "CAN"]
[SourceTitle "EXT 99"]
[Source "ChessBase"]
[SourceDate "1998.11.10"]
[SourceVersion "1"]
[SourceVersionDate "1998.11.10"]
[SourceQuality "1"]

1. c4 e6 2. Nc3 d5 3. d4 c6 4. e4 dxe4 5. Nxe4 Bb4+ 6. Bd2 Qxd4 7. Bxb4 Qxe4+ 8. Ne2 Nd7 9. Qd6 a5 10. Ba3 Qe5 11. Qd2 c5 12. f4 Qe4 13. O-O-O Ne7 14. Nc3 Qc6 15. Bd3 O-O 16. g4 Re8 17. Rhe1 Nf8 18. Re5 Bd7 19. Nb5 Rec8 20. Rxc5 Qb6 21. Rxc8 Rxc8 22. Nd6 Rc7 23. Kb1 Bc6 24. f5 exf5 25. gxf5 Qd4 26. Qxa5 b6 27. Qe1 Rd7 28. Bc2 Qf4 29. Rd2 Qh6 30. Re2 Qf6 31. Ne8 1-0

[Event "Quebec op"]
[Site "Montreal CAN"]
[Date "1995.??.??"]
[Round "9"]
[White "Schleifer, Michael"]
[Black "Hebert, Jean"]
[Result "1/2-1/2"]
[WhiteElo "2260"]
[BlackElo "2435"]
[PlyCount "95"]
[GameId "2160767912064134"]
[EventDate "1995.07.26"]
[EventType "swiss"]
[EventRounds "9"]
[EventCountry "CAN"]
[SourceTitle "EXT 99"]
[Source "ChessBase"]
[SourceDate "1998.11.10"]
[SourceVersion "1"]
[SourceVersionDate "1998.11.10"]
[SourceQuality "1"]

1. d4 Nf6 2. c4 e6 3. Nf3 d5 4. Nc3 Nbd7 5. Bg5 Bb4 6. Rc1 c6 7. cxd5 exd5 8. a3 Be7 9. e3 O-O 10. Bd3 Re8 11. O-O Nf8 12. Ne5 a6 13. Na4 Be6 14. Nc5 Qc8 15. b4 Bxc5 16. bxc5 Ne4 17. Bf4 f6 18. Nf3 Bg4 19. Be2 Ne6 20. Bg3 Qd8 21. Qc2 Qa5 22. Qb2 Re7 23. Rfd1 Rae8 24. Rd3 Rd7 25. Rb3 Ree7 26. Rb4 h5 27. Rb6 g6 28. Bb8 Kg7 29. h3 Bxf3 30. Bxf3 Qd2 31. Bxe4 Qxb2 32. Rxb2 dxe4 33. Rcb1 Nd8 34. Bd6 Re8 35. Rb6 Kf7 36. Bg3 g5 37. h4 Kg6 38. Kf1 Ree7 39. Ke2 Kf5 40. Rh1 g4 41. Rhb1 Ke6 42. Bd6 Rg7 43. R1b4 Kd5 44. Bg3 Ne6 45. Bb8 Rgf7 46. g3 Nd8 47. Bf4 Ke6 48. Bd6 1/2-1/2

[Event "Groupe Commerce"]
[Site "Thetford Mines CAN"]
[Date "1995.07.07"]
[Round "1"]
[White "Hebert, Jean"]
[Black "Hua, Lefong"]
[Result "1-0"]
[WhiteElo "2492"]
[BlackElo "1996"]
[PlyCount "85"]
[GameId "2160767912064436"]
[EventDate "1995.07.07"]
[EventType "swiss"]
[EventRounds "5"]
[EventCountry "CAN"]
[SourceTitle "EXT 2022"]
[Source "ChessBase"]
[SourceDate "2021.10.06"]
[SourceVersion "1"]
[SourceVersionDate "2021.10.06"]
[SourceQuality "1"]

1. c4 e5 2. Nc3 Nc6 3. Nf3 g6 4. d4 exd4 5. Nxd4 Bg7 6. Nxc6 bxc6 7. g3 Nf6 8. Bg2 O-O 9. O-O Re8 10. Bg5 h6 11. Bf4 Rb8 12. Qd2 Kh7 13. Rad1 Bb7 14. e4 d6 15. Qc2 Qe7 16. b3 Rbd8 17. Be3 a6 18. Rfe1 Qe6 19. h3 Re7 20. Kh2 Rde8 21. f4 Qc8 22. c5 d5 23. e5 Nd7 24. Nxd5 cxd5 25. c6 Nb6 26. cxb7 Qxb7 27. Bxb6 Qxb6 28. Rxd5 f6 29. Rc5 Qb4 30. Re4 Qb8 31. Rec4 fxe5 32. f5 Rf8 33. fxg6+ Kh8 34. Rxc7 Rxc7 35. Rxc7 Qd8 36. Qc5 Qd4 37. Qe7 e4 38. Rd7 Qf6 39. Qxe4 Qb2 40. Qe7 Qf6 41. Qxf6 Rxf6 42. h4 Rf8 43. Kh3 1-0

[Event "Groupe Commerce"]
[Site "Thetford Mines CAN"]
[Date "1995.07.08"]
[Round "2"]
[White "Lachance, Steve"]
[Black "Hebert, Jean"]
[Result "0-1"]
[WhiteElo "2102"]
[BlackElo "2492"]
[PlyCount "74"]
[GameId "2160767912064439"]
[EventDate "1995.07.07"]
[EventType "swiss"]
[EventRounds "5"]
[EventCountry "CAN"]
[SourceTitle "EXT 2022"]
[Source "ChessBase"]
[SourceDate "2021.10.06"]
[SourceVersion "1"]
[SourceVersionDate "2021.10.06"]
[SourceQuality "1"]

1. d4 Nf6 2. Nc3 d5 3. Bg5 Bf5 4. f3 c6 5. Bxf6 exf6 6. e4 Bg6 7. exd5 cxd5 8. Bd3 Nc6 9. Bxg6 hxg6 10. Qd2 Rc8 11. Nge2 g5 12. O-O-O Na5 13. Qd3 Nc4 14. Rde1 Be7 15. Kb1 Rc6 16. b3 Na3+ 17. Kb2 g6 18. h4 gxh4 19. Nf4 Kf8 20. Nfxd5 Bd6 21. Re2 f5 22. Rhe1 Kg7 23. f4 Qa5 24. Re8 Rc8 25. Rxh8 Rxh8 26. Re5 b5 27. Ne7 Bxe5 28. dxe5 Nc4+ 29. bxc4 Qb4+ 30. Ka1 Qxe7 31. cxb5 Rd8 32. Nd5 Qc5 33. c4 Qg1+ 34. Kb2 Qxg2+ 35. Ka1 h3 36. Qc3 h2 37. e6+ Kh6 0-1

[Event "Groupe Commerce"]
[Site "Thetford Mines CAN"]
[Date "1995.07.08"]
[Round "3"]
[White "Hebert, Jean"]
[Black "Pohl, Klaus"]
[Result "1-0"]
[WhiteElo "2492"]
[BlackElo "2156"]
[PlyCount "68"]
[GameId "2160767912064442"]
[EventDate "1995.07.07"]
[EventType "swiss"]
[EventRounds "5"]
[EventCountry "CAN"]
[SourceTitle "EXT 2022"]
[Source "ChessBase"]
[SourceDate "2021.10.06"]
[SourceVersion "1"]
[SourceVersionDate "2021.10.06"]
[SourceQuality "1"]

1. d4 Nf6 2. c4 g6 3. Nc3 Bg7 4. e4 d6 5. Nf3 O-O 6. Be2 e5 7. Be3 Qe7 8. dxe5 dxe5 9. Nd5 Nxd5 10. cxd5 Qb4+ 11. Nd2 c6 12. O-O cxd5 13. exd5 Bf5 14. a3 Qxb2 15. g4 Bc2 16. Qc1 Qxc1 17. Raxc1 Ba4 18. Rc7 b6 19. Rb1 Rd8 20. Ne4 h6 21. g5 h5 22. Rbc1 Bd7 23. d6 Bf5 24. Ng3 h4 25. Nxf5 gxf5 26. Bc4 Rxd6 27. Rxf7 Kh8 28. Bb5 Na6 29. Bxa6 f4 30. Rcc7 Rg6 31. Bd2 Rxg5+ 32. Kf1 Rd8 33. Rcd7 Rf8 34. Bc3 Kh7 1-0

[Event "Groupe Commerce"]
[Site "Thetford Mines CAN"]
[Date "1995.07.09"]
[Round "4"]
[White "Saint-Pierre, Benoit"]
[Black "Hebert, Jean"]
[Result "0-1"]
[WhiteElo "2196"]
[BlackElo "2492"]
[PlyCount "56"]
[GameId "2160767912064448"]
[EventDate "1995.07.07"]
[EventType "swiss"]
[EventRounds "5"]
[EventCountry "CAN"]
[SourceTitle "EXT 2022"]
[Source "ChessBase"]
[SourceDate "2021.10.06"]
[SourceVersion "1"]
[SourceVersionDate "2021.10.06"]
[SourceQuality "1"]

1. e4 e6 2. d4 d5 3. e5 c5 4. c3 Nc6 5. Nf3 Bd7 6. Be2 f6 7. O-O fxe5 8. Nxe5 Nxe5 9. dxe5 Qc7 10. Bh5+ g6 11. Bf3 Bg7 12. Re1 Ne7 13. Bg5 Nf5 14. c4 d4 15. Qe2 O-O 16. Nd2 Bc6 17. Bxc6 Qxc6 18. Ne4 Bxe5 19. g4 Ne3 20. Bxe3 dxe3 21. Qxe3 Bxb2 22. Rab1 Bd4 23. Qg5 Rf7 24. Re2 Raf8 25. h4 Rf4 26. Rbe1 Rxe4 27. Rxe4 Bxf2+ 28. Kh2 Bxe1 0-1

[Event "Groupe Commerce"]
[Site "Thetford Mines CAN"]
[Date "1995.07.09"]
[Round "5"]
[White "Hebert, Jean"]
[Black "Schleifer, Michael"]
[Result "1/2-1/2"]
[WhiteElo "2492"]
[BlackElo "2349"]
[PlyCount "27"]
[GameId "2160767912064450"]
[EventDate "1995.07.07"]
[EventType "swiss"]
[EventRounds "5"]
[EventCountry "CAN"]
[SourceTitle "EXT 2022"]
[Source "ChessBase"]
[SourceDate "2021.10.06"]
[SourceVersion "1"]
[SourceVersionDate "2021.10.06"]
[SourceQuality "1"]

1. d4 d5 2. Nf3 Nf6 3. c4 c6 4. Nc3 g6 5. cxd5 cxd5 6. Bf4 a6 7. e3 Bg7 8. Be2 O-O 9. Ne5 e6 10. O-O Nbd7 11. Nxd7 Bxd7 12. Qb3 Bc6 13. Rac1 Nd7 14. Na4 1/2-1/2

[Event "Quebec-ch"]
[Site "Montreal CAN"]
[Date "1995.06.21"]
[Round "1"]
[White "O'Donnell, Tom"]
[Black "Hebert, Jean"]
[Result "1/2-1/2"]
[WhiteElo "2382"]
[BlackElo "2500"]
[PlyCount "98"]
[GameId "2160767912064460"]
[EventDate "1995.06.25"]
[EventType "tourn"]
[EventRounds "9"]
[EventCountry "CAN"]

1. c4 Nf6 2. Nc3 g6 3. g3 d5 4. cxd5 Nxd5 5. Bg2 Nb6 6. Nf3 Bg7 7. O-O Nc6 8. d3 O-O 9. a4 a5 10. Be3 e5 11. Bxb6 cxb6 12. Nb5 Re8 13. Rc1 Be6 14. Nd2 Bf8 15. Nc4 f5 16. e3 Bf7 17. Qe2 Bc5 18. Rfd1 Qe7 19. b3 Rad8 20. Qb2 Rd7 21. d4 Qd8 22. Rd2 exd4 23. exd4 Nxd4 24. Rcd1 Re2 25. Rxd4 Rxb2 26. Rxd7 Qf6 27. Nxb2 Qxb2 28. R7d2 Qxb3 29. Nd6 Bb4 30. Rd3 Qxa4 31. Nxf7 Kxf7 32. Bxb7 g5 33. Kg2 Qc2 34. Bd5+ Kg6 35. Bb3 Qb2 36. Ba4 g4 37. Rd5 Bc5 38. R1d2 Qa3 39. Bc2 Qf3+ 40. Kf1 Qh1+ 41. Ke2 Qf3+ 42. Kf1 a4 43. Rxf5 Qxf5 44. Ke2 a3 45. Bxf5+ Kxf5 46. Kd3 Ke5 47. Re2+ Kf5 48. Kc4 Bd6 49. Kb3 Bc5 1/2-1/2

[Event "Quebec-ch"]
[Site "Montreal CAN"]
[Date "1995.06.23"]
[Round "3"]
[White "Gravel, Simon M"]
[Black "Hebert, Jean"]
[Result "0-1"]
[WhiteElo "2276"]
[BlackElo "2500"]
[PlyCount "86"]
[GameId "2160767912064468"]
[EventDate "1995.06.25"]
[EventType "tourn"]
[EventRounds "9"]
[EventCountry "CAN"]

1. e4 e6 2. d4 d5 3. Nc3 Bb4 4. e5 Ne7 5. a3 Bxc3+ 6. bxc3 c5 7. Qg4 cxd4 8. cxd4 Qc7 9. Bd2 Qxc2 10. Qxg7 Rg8 11. Qh6 Nbc6 12. Ne2 Bd7 13. Rc1 Qa4 14. Qxh7 O-O-O 15. Bb4 Nf5 16. Nc3 Qb3 17. Nb5 Rg4 18. Be2 Re4 19. Nc3 Rh4 20. Qxf7 Nfxd4 21. Bd6 Qb2 22. O-O Qxe2 23. Be7 Qh5 24. Qxh5 Rxh5 25. Bxd8 Kxd8 26. f4 Rh7 27. h3 Nf5 28. Kh2 Ncd4 29. Rce1 Nc2 30. Re2 Nce3 31. Rfe1 Ke7 32. Rxe3 Nxe3 33. Rxe3 d4 34. Nd5+ exd5 35. Rd3 Bf5 36. Rxd4 Ke6 37. Kg1 Be4 38. Kh2 Rc7 39. g4 Rc3 40. Rb4 b6 41. a4 Rc4 42. Rb2 d4 43. Rf2 Rc2 0-1

[Event "Quebec-ch"]
[Site "Montreal CAN"]
[Date "1995.06.26"]
[Round "4"]
[White "Hebert, Jean"]
[Black "Schleifer, Michael"]
[Result "1-0"]
[WhiteElo "2500"]
[BlackElo "2329"]
[PlyCount "93"]
[GameId "2160767912064473"]
[EventDate "1995.06.25"]
[EventType "tourn"]
[EventRounds "9"]
[EventCountry "CAN"]

1. d4 Nf6 2. c4 d6 3. Nf3 g6 4. Nc3 Bg7 5. e4 O-O 6. Be2 Nbd7 7. O-O e5 8. Re1 c6 9. Bf1 Re8 10. d5 c5 11. a3 h6 12. g3 Nh7 13. Bd2 Ng5 14. Nxg5 hxg5 15. b4 a6 16. Rb1 Rf8 17. Bd3 Bf6 18. Na4 b6 19. bxc5 bxc5 20. Nc3 Be7 21. g4 Kg7 22. h3 Rh8 23. Kg2 Nf6 24. Rh1 Bd7 25. Qc1 Qc8 26. f3 Nh7 27. Rb3 Rf8 28. Qc2 f5 29. exf5 gxf5 30. gxf5 Bxf5 31. Bxf5 Rxf5 32. Ne4 Rf7 33. Qb1 Qd7 34. Rb7 Qf5 35. Rf1 Kg8 36. Ng3 Qxb1 37. Rfxb1 Nf8 38. Ne4 Ng6 39. Bxg5 Bxg5 40. Rxf7 Kxf7 41. Nxg5+ Kf6 42. Ne4+ Kf5 43. Kf2 Nf4 44. Nxd6+ Kg6 45. Rb6 Rh8 46. Ne4+ Kh5 47. d6 1-0

[Event "Quebec-ch"]
[Site "Montreal CAN"]
[Date "1995.06.27"]
[Round "5"]
[White "Latendresse, Simon"]
[Black "Hebert, Jean"]
[Result "0-1"]
[WhiteElo "2036"]
[BlackElo "2500"]
[PlyCount "106"]
[GameId "2160767912064478"]
[EventDate "1995.06.25"]
[EventType "tourn"]
[EventRounds "9"]
[EventCountry "CAN"]

1. d4 Nf6 2. Nf3 g6 3. c4 Bg7 4. Nc3 O-O 5. e4 d6 6. Be2 Nbd7 7. O-O e5 8. dxe5 dxe5 9. Qc2 Re8 10. Rd1 c6 11. b3 Qc7 12. Ba3 Bf8 13. Bxf8 Nxf8 14. Qd2 Bg4 15. Qd6 Qxd6 16. Rxd6 Bxf3 17. Bxf3 Ne6 18. Rad1 Kg7 19. Ne2 a5 20. g4 Ng5 21. Kg2 Ngxe4 22. Bxe4 Nxe4 23. Rd7 Nc5 24. R7d6 Re7 25. Ng3 Rae8 26. Kf3 e4+ 27. Ke3 a4 28. b4 Nd3 29. f4 Nxb4 30. f5 f6 31. R1d2 a3 32. fxg6 hxg6 33. Rf2 Re6 34. Rd7+ R8e7 35. Rxe7+ Rxe7 36. Nxe4 f5 37. gxf5 gxf5 38. Rxf5 Nxa2 39. Kd4 Nb4 40. Ra5 a2 41. Kc3 b6 42. Ra8 c5 43. Nd2 Re3+ 44. Kb2 Re2 45. Kc3 Rxh2 46. Ra7+ Kf8 47. Ra8+ Ke7 48. Ra7+ Kd8 49. Ra8+ Kc7 50. Ra7+ Kb8 51. Ra4 Kb7 52. Ra3 Rh3+ 53. Kb2 Rxa3 0-1

[Event "Quebec-ch"]
[Site "Montreal CAN"]
[Date "1995.06.28"]
[Round "6"]
[White "Leveille, Francois"]
[Black "Hebert, Jean"]
[Result "0-1"]
[WhiteElo "2339"]
[BlackElo "2500"]
[PlyCount "80"]
[GameId "2160767912064483"]
[EventDate "1995.06.25"]
[EventType "tourn"]
[EventRounds "9"]
[EventCountry "CAN"]

1. Nf3 Nf6 2. d4 e6 3. g3 d5 4. Bg2 Nbd7 5. O-O c6 6. b3 a5 7. c4 a4 8. Bb2 b5 9. Qc2 bxc4 10. bxc4 Ba6 11. Nbd2 Be7 12. Rfe1 a3 13. Bc3 dxc4 14. e4 O-O 15. Bf1 c5 16. Nxc4 Qc7 17. Rac1 Rfc8 18. d5 exd5 19. exd5 Nxd5 20. Qf5 N7f6 21. Ba1 Rd8 22. Qg5 h6 23. Qh4 Bc8 24. Nce5 Ng4 25. Qh5 Nxe5 26. Nxe5 Be6 27. Qe2 Rab8 28. Bg2 Nb4 29. Nxf7 Bxf7 30. Qxe7 Qxe7 31. Rxe7 Nxa2 32. Rce1 Nb4 33. Be4 Re8 34. Bf5 Rxe7 35. Rxe7 Re8 36. Rxe8+ Bxe8 37. Kf1 g6 38. Be4 Bb5+ 39. Ke1 Bd3 40. Bxd3 Nxd3+ 0-1

[Event "Quebec-ch"]
[Site "Montreal CAN"]
[Date "1995.??.??"]
[Round "7"]
[White "Hebert, Jean"]
[Black "Linskiy, Oleg"]
[Result "1/2-1/2"]
[WhiteElo "2455"]
[BlackElo "2375"]
[PlyCount "96"]
[GameId "2160767912064486"]
[EventDate "1995.06.25"]
[EventType "tourn"]
[EventRounds "9"]
[EventCountry "CAN"]
[SourceTitle "EXT 2002"]
[Source "ChessBase"]
[SourceDate "2001.11.25"]
[SourceVersion "1"]
[SourceVersionDate "2001.11.25"]
[SourceQuality "1"]

1. d4 Nf6 2. c4 g6 3. Nc3 Bg7 4. e4 O-O 5. Nf3 d6 6. Be2 e5 7. O-O Nc6 8. Be3 exd4 9. Nxd4 Re8 10. f3 Nxd4 11. Bxd4 b6 12. Qd2 Bb7 13. Rac1 Qd7 14. Nd5 Nxd5 15. cxd5 Bxd4+ 16. Qxd4 c6 17. dxc6 Bxc6 18. Rfd1 Bb5 19. Bxb5 Qxb5 20. b3 Rac8 21. Qd2 Qe5 22. g3 Qe6 23. Kg2 Rxc1 24. Qxc1 Rc8 25. Qd2 Rc6 26. Qd3 Qe5 27. Rd2 Qc3 28. Qe2 Kg7 29. g4 Qe5 30. Qd1 h6 31. Qe2 Rc3 32. Qf2 Kh7 33. Qg3 Qxg3+ 34. Kxg3 Rc6 35. Kf4 Kg7 36. Ke3 Kf6 37. f4 Ke7 38. Kd3 Rc5 39. b4 Rc1 40. Rc2 Rxc2 41. Kxc2 g5 42. f5 Kf6 43. Kd3 Ke5 44. b5 f6 45. h3 d5 46. exd5 Kxd5 47. a4 Kc5 48. Kc3 Kd5 1/2-1/2

[Event "Quebec-ch"]
[Site "Montreal CAN"]
[Date "1995.??.??"]
[Round "8"]
[White "Ross, Dave"]
[Black "Hebert, Jean"]
[Result "1-0"]
[WhiteElo "2345"]
[BlackElo "2455"]
[PlyCount "85"]
[GameId "2160767912064492"]
[EventDate "1995.06.25"]
[EventType "tourn"]
[EventRounds "9"]
[EventCountry "CAN"]
[SourceTitle "EXT 2002"]
[Source "ChessBase"]
[SourceDate "2001.11.25"]
[SourceVersion "1"]
[SourceVersionDate "2001.11.25"]
[SourceQuality "1"]

1. c4 Nf6 2. Nc3 g6 3. g3 Bg7 4. Bg2 O-O 5. Nf3 d6 6. d4 Nc6 7. O-O e5 8. d5 Ne7 9. e4 Nd7 10. b4 a5 11. Ba3 axb4 12. Bxb4 h6 13. a4 f5 14. exf5 gxf5 15. Nh4 e4 16. f4 c5 17. dxc6 Nxc6 18. Qb3 Nxb4 19. Qxb4 Qb6+ 20. Qxb6 Nxb6 21. Rac1 Be6 22. Rfd1 Nxc4 23. Nd5 Nb2 24. Nc7 Bb3 25. Rxd6 Rxa4 26. Bh3 Nd3 27. Rb1 Bc2 28. Rxb7 Ra1+ 29. Kg2 e3 30. Kf3 Nc5 31. Rb5 Re1 32. Bxf5 Bd1+ 33. Rxd1 Rxd1 34. Rxc5 Bd4 35. Rc2 Rf1+ 36. Ke2 Rf2+ 37. Kd3 Ba7 38. Nd5 Rb8 39. Be6+ Kf8 40. Rc7 Rd2+ 41. Ke4 e2 42. Ng6+ Ke8 43. Re7+ 1-0

[Event "Quebec-ch"]
[Site "Montreal CAN"]
[Date "1995.07.02"]
[Round "9"]
[White "Hebert, Jean"]
[Black "Levtchouk, George"]
[Result "1-0"]
[WhiteElo "2500"]
[BlackElo "2308"]
[PlyCount "80"]
[GameId "2160767912064497"]
[EventDate "1995.06.25"]
[EventType "tourn"]
[EventRounds "9"]
[EventCountry "CAN"]

1. e4 g6 2. d4 Bg7 3. c4 d6 4. Nc3 Nf6 5. Be2 O-O 6. Nf3 e5 7. Be3 Qe7 8. d5 Ng4 9. Bg5 f6 10. Bh4 a5 11. Nd2 Nh6 12. f3 Na6 13. a3 Bd7 14. O-O Nf7 15. Rb1 Nc5 16. b4 axb4 17. axb4 Na4 18. Qc2 Bh6 19. Bf2 Nxc3 20. Qxc3 Ra2 21. Rb2 Rxb2 22. Qxb2 f5 23. exf5 gxf5 24. Ra1 Kh8 25. Nf1 Rg8 26. Ng3 Bf4 27. Nh5 Bxh2+ 28. Kxh2 Qg5 29. g3 Qxh5+ 30. Kg2 f4 31. Rh1 Rxg3+ 32. Bxg3 Qg5 33. Ra1 Qxg3+ 34. Kh1 Qh4+ 35. Kg1 Ng5 36. Bd1 Qe1+ 37. Kh2 Qg3+ 38. Kh1 Nh3 39. Qg2 Nf2+ 40. Kg1 h5 1-0